| 000 | 00836nam a2200301 a 4500 | ||
|---|---|---|---|
| 001 | 000107722 | ||
| 003 | CHAP | ||
| 005 | 20240517090803.0 | ||
| 008 | 131023s2009 mx a |r| |||1|||spa d | ||
| 010 | _a104184 | ||
| 011 | _a105156 | ||
| 020 | _a9786077686743 | ||
| 040 | _cCHAP | ||
| 082 | 0 | 4 |
_a771.4 _bG74 |
| 245 | 0 | 3 |
_aEl gran libro de retoque fotográfico con photoshop CS4 / _cpor MEDIAactive. |
| 260 |
_aMéxico, D.F. : _bAlfaomega, _c2009. |
||
| 300 |
_a356 p. : _bil. _e+1 CD (4 3/4 plg.) |
||
| 590 |
_aBATCH-UPD _b10 _c20131023 |
||
| 590 |
_aBATCH-UPD _b10 _c20131105 |
||
| 590 |
_aE11695DGD _b10 _c20131024 |
||
| 590 |
_aE792CSJ _b10 _c20131023 |
||
| 650 | 1 | 4 |
_aAdobe Photoshop. _9124448 |
| 650 | 1 | 4 |
_aFotografía. _942710 |
| 710 | 1 |
_aMEDIAactive. _9124449 |
|
| 901 | _aBK | ||
| 942 |
_cLIBRO _2ddc |
||
| 942 |
_n0 _2ddc |
||
| 999 |
_c104184 _d104184 |
||